书目信息 |
| 题名: |
古建筑砖瓦雕塑艺术
|
|
| 作者: | 路玉章 编著 | |
| 分册: | ||
| 出版信息: | 北京 中国建筑工业出版社 2002.2 |
|
| 页数: | 38页 | |
| 开本: | 26cm | |
| 丛书名: | ||
| 单 册: | ||
| 中图分类: | TU-882 | |
| 科图分类: | ||
| 主题词: | 建筑艺术--图集 | |
| 电子资源: | ||
| ISBN: | 7-112-04885-0 | |
| 000 | 00571nam0 2200193 45 | |
| 001 | 0261552945 | |
| 005 | 20050107103416.08 | |
| 010 | @a7-112-04885-0@dCNY 26.00 | |
| 100 | @a20020416d2002 km y0chiy0120 ea | |
| 101 | 0 | @achi |
| 102 | @aCN@b110000 | |
| 200 | 1 | @a古建筑砖瓦雕塑艺术@Agu jian zhu zhuan wa diao su yi shu@f路玉章编著@FLu Yu Zhang Bian Zhu |
| 210 | @a北京@c中国建筑工业出版社@d2002.2 | |
| 215 | @a38页@d26cm | |
| 606 | 0 | @a建筑艺术@x图集 |
| 690 | @aTU-882@v3 | |
| 701 | 0 | @a路玉章@ALu Yu Zhang@4编著 |
| 801 | 0 | @aCN@bPFT@c20050107 |
| 905 | @a10447@dTU-882@eL880 | |
| 古建筑砖瓦雕塑艺术/路玉章编著.-北京:中国建筑工业出版社,2002.2 |
| 38页;26cm |
| ISBN 7-112-04885-0:CNY 26.00 |
| ● |
| 相关链接 |
|
|
|
正题名:古建筑砖瓦雕塑艺术
索取号:TU-882/L880
 
预约/预借
| 序号 | 登录号 | 条形码 | 馆藏地/架位号 | 状态 | 备注 |
| 1 | 355889 | 203558890 | 建筑库101/101建筑库 23排3列1层/ [索取号:TU-882/L880] | 在馆 | |
| 2 | 355890 | 203558907 | 建筑库101/101建筑库 23排2列4层/ [索取号:TU-882/L880] | 在馆 | |
| 3 | 355891 | 203558916 | 建筑库101/101建筑库 23排3列1层/ [索取号:TU-882/L880] | 在馆 | |
| 4 | 435385 | 204353859 | 建筑库101/101建筑库 23排3列1层/ [索取号:TU-882/L880] | 在馆 | |
| 5 | 435386 | 204353868 | 建筑库101/101建筑库 23排3列1层/ [索取号:TU-882/L880] | 在馆 | |
| 6 | 435387 | 204353877 | 建筑库101/101建筑库 23排3列1层/ [索取号:TU-882/L880] | 在馆 |